7,426 sijil halal JAKIM dikeluarkan sejak Januari lalu (Record no. 21448)

MARC details
000 -LEADER
fixed length control field 00792nam a22002297a 4500
001 - CONTROL NUMBER
control field 24133
003 - CONTROL NUMBER IDENTIFIER
control field HDC
008 - FIXED-LENGTH DATA ELEMENTS--GENERAL INFORMATION
fixed length control field 220526b ||||| |||| 00| 0 eng d
040 ## - CATALOGING SOURCE
Original cataloging agency HDC
245 #0 - TITLE STATEMENT
Title 7,426 sijil halal JAKIM dikeluarkan sejak Januari lalu
260 ## - PUBLICATION, DISTRIBUTION, ETC.
Place of publication, distribution, etc. Kuala Lumpur :
Name of publisher, distributor, etc. The New Straits Times Press (M) Bhd.,
Date of publication, distribution, etc. 2018
336 ## - CONTENT TYPE
Content type term text
Source rdacontent
337 ## - MEDIA TYPE
Media type term computer
Source rdamedia
338 ## - CARRIER TYPE
Carrier type term online resource
Source rdacarrier
650 ## - SUBJECT ADDED ENTRY--TOPICAL TERM
Topical term or geographic name entry element Halal certification
9 (RLIN) 753
650 ## - SUBJECT ADDED ENTRY--TOPICAL TERM
Topical term or geographic name entry element Halal products
9 (RLIN) 642
710 ## - ADDED ENTRY--CORPORATE NAME
Corporate name or jurisdiction name as entry element Berita Harian
Relator term issuing body
856 ## - ELECTRONIC LOCATION AND ACCESS
Public note Request full-text at [email protected]
942 ## - ADDED ENTRY ELEMENTS (KOHA)
Source of classification or shelving scheme Library of Congress Classification
942 ## - ADDED ENTRY ELEMENTS (KOHA)
Koha item type Newspaper Articles
942 ## - ADDED ENTRY ELEMENTS (KOHA)
Call number prefix NWSC 000516
Holdings
Withdrawn status Lost status Source of classification or shelving scheme Damaged status Not for loan Home library Current library Shelving location Date acquired Total checkouts Full call number Date last seen Price effective from Koha item type
    Library of Congress Classification     Halal Development Corporation Library Halal Development Corporation Library Open Shelves 24/05/2023   NWSC 000516 24/05/2023 24/05/2023 Newspaper Articles
Halal Development Corporation Berhad (HDC)
5.02 Level 5, KPMG Tower, First Avenue, Persiaran Bandar Utama, 47800 Petaling Jaya, Selangor Darul Ehsan
Phone: +603 7965 5489 Email: [email protected]